[Event "CZE-chT2F 1011"]
[Site "Czech Republic"]
[Date "2011.03.06"]
[Round "9.8"]
[White "Tvrdy, Petr"]
[Black "Pavelek, Stanislav"]
[Result "1-0"]
[WhiteElo "1797"]
[BlackElo "1729"]
[PlyCount "67"]
[EventDate "2010.10.17"]
[EventType "team-tourn"]
[EventRounds "11"]
[EventCountry "CZE"]
[SourceTitle "EXT 2012"]
[Source "ChessBase"]
[SourceDate "2011.11.24"]
[SourceVersion "1"]
[SourceVersionDate "2011.11.24"]
[SourceQuality "1"]
[WhiteTeam "Dobra"]
[BlackTeam "Frydek Mistek II"]
[WhiteTeamCountry "CZE"]
[BlackTeamCountry "CZE"]

1. e4 d6 2. f4 Nf6 3. Nc3 g6 4. d4 Bg7 5. Nf3 c5 6. dxc5 Qa5 7. Bd2 Qxc5 8. h3 0-0 9. g4 a6 10. Bd3 b5 11. Qe2 Nc6 12. Be3 Qb4 13. 0-0-0 Nd7 14. a3 Qa5 15. Nd5 e6 16. Bd2 Qd8 17. Ne3 Nb6 18. g5 Bb7 19. h4 f5 20. h5 Kf7 21. hxg6+ hxg6 22. Rh7 Rh8 23. Rdh1 Qe7 24. exf5 exf5 25. Bc3 Rxh7 26. Rxh7 Rg8 27. Nh4 d5 28. Bf6 Qe6 29. Nxg6 Nc4 30. Bxc4 dxc4 31. Qh5 Qxe3+ 32. Kb1 b4 33. Ne5+ Kf8 34. Qf7# 1-0